| 000 | 02852nam0a2200469 4500 | ||
|---|---|---|---|
| 001 | RU\NLR\bibl\1700720 | ||
| 005 | 20260407210822.0 | ||
| 010 |
_a978-5-4223-0001-3 _9500 |
||
| 021 |
_aRU _b2010-79571 _95305 |
||
| 035 | _a(nilc)RSL-KNO-004749092 | ||
| 035 | _aEL/0000304138 | ||
| 035 | _a(NLR Aleph) 001691800 | ||
| 090 |
_a1165464 _c1165464 |
||
| 100 | _a20091116d2009 |||y0rusy50 ca | ||
| 101 | 0 | _arus | |
| 102 | _aRU | ||
| 105 | _aa zzzz||||| | ||
| 200 | 1 |
_aМой родной Вилюйский улус _eучебное пособие по курсу "Родной край" для учащихся 5 класса школ Вилюйского улуса (района) _fМ.Д. Андреева, С.А. Иванова, М.Е. Колтовская [и др.] _g[науч. ред. Кривошапкина О. М.] _gГОУ "Ин-т повышения квалификации работников образования Респ. Саха (Якутия) им. С. Н. Донского-II" [и др.] |
|
| 210 |
_aЯкутск _cОфсет _d2009 |
||
| 215 |
_a200 с. _cил., цв. ил., портр. _d30 |
||
| 300 | _aПосвящ. 180-летию Вилюй. шк., Кесарю Киренскому, первому учителю первой в Вилюй. округе казачьей шк. | ||
| 607 |
_aВилюйский улус (Якутия) _jУчебные издания для средней школы _xИстория _92607507 _3RU\NLR\auth\661544065 |
||
| 607 |
_aВилюйский улус (Якутия) _jУчебные издания для средней школы _91246332 _3RU\NLR\auth\66192553 |
||
| 686 |
_aД9(2Р54-6Я-5Вил)0я721-1 _2rubbk |
||
| 686 |
_a26.89(2Рос.Яку-5)я721 _vLBC/PL _2rubbk |
||
| 686 | _aД890(2Р54-6Я)я72 | ||
| 686 | _aТ3(2Р-6Я-2А/Я)я72 | ||
| 701 | 1 |
_4070 _8rus _7ca _aАндреева _bМ. Д. _cгеограф _gМария Дмитриевна _3RU\NLR\auth\7797366 _980292 |
|
| 701 | 1 |
_4070 _8rus _7ca _aИванова _bС. А. _cканд. пед. наук, география _gСветлана Алексеевна _3RU\NLR\auth\7797368 _980294 |
|
| 701 | 1 |
_aКолтовская _bМ. Е. _gМарина Егоровна _4070 |
|
| 702 | 1 |
_aКривошапкина _bО. М. _gОльга Милентьевна _4340 |
|
| 712 | 0 | 1 |
_4570 _aВилюйский улус (район) _cРеспублика Саха (Якутия) _bАдминистрация _3RU\NLR\AUTH\8810139622 _9774322 |
| 801 | 0 |
_aRU _bАгентство CIP НБР Саха _c20091116 _grcr |
|
| 801 | 1 |
_aRU _bАгентство CIP НБР Саха _c20091116 |
|
| 801 | 2 |
_aRU _bНБР Саха _c20101103 _grcr |
|
| 801 | 1 |
_aRU _bРГБ _c20091116 |
|
| 801 | 2 |
_aRU _bНБР Саха _c20100321 |
|
| 801 | 2 |
_aRU _bNLR _c20101116 _grcr |
|
| 942 | _cBOOK | ||
| 980 | _aNB | ||